Logo BPK

Biblioteka

Politechniki Koszalińskiej

Distant mirrors : (Rekord nr 47972)

Szczegóły MARC
000 -ETYKIETA REKORDU
podpole kontrolne o stałej długości 00786nam a2200217 i 4500
001 - NUMER KONTROLNY REKORDU
pole kontrolne bgj
020 ## - MIĘDZYNARODOWY ZNORMALIZOWANY NUMER KSIĄŻKI - ISBN
ISBN 0534176763
040 ## - ŹRÓDŁO KATALOGOWANIA
Instytucja, która utworzyła rekord BPK
041 0# - KOD JĘZYKA
Kod języka tekstu eng
920 ## - Międzynarodowy znormalizowany numer książki – ISBN
ISBN 0-534-17676-3
008 - POLE O STAŁEJ DŁUGOŚCI - DANE KONTROLNE
podpole kontrolne o stałej długości s uk f |000 0 eng
245 00 - TYTUŁ/ODPOWIEDZIALNOŚĆ
Tytuł Distant mirrors :
Ciąg dalszy tytułu America as a foreign culture /
Pozostałe elementy strefy tytułu i oznaczenia odpowiedzialności [compiled by] Philip R. DeVita, James D. Armstrong.
260 ## - STREFA ADRESU WYDAWNICZEGO
Miejsce wydania Belmont, Ca :
Nazwa wydawcy/dystrybutora Wadsworth Publishing Company,
Data publikacji, dystrybucji/powstania dokumentu cop. 1993.
300 ## - STREFA OPISU FIZYCZNEGO
Objętość XIX, 145 pp ;
Rozmiary 24 cm.
504 ## - UWAGA DOTYCZĄCA BIBLIOGRAFII
Informacje o bibliografii Includes bibliographical references.
651 #9 - HASŁO PRZEDMIOTOWE W FORMIE NAZWY GEOGRAFICZNEJ
Nazwa geograficzna United States
Określnik ogólny Social life and customs
-- Foreign public opinion
Określnik chronologiczny 1971-
651 #9 - HASŁO PRZEDMIOTOWE W FORMIE NAZWY GEOGRAFICZNEJ
Nazwa geograficzna United States
Określnik ogólny Popular culture
-- Foreign public opinion
700 1# - HASŁO DODATKOWE - NAZWA OSOBOWA
Nazwa osobowa DEVITA, Philip R.
Daty związane z nazwą (1932- ).
Określenie związku między hasłem a opisywanym materiałem editor
700 1# - HASŁO DODATKOWE - NAZWA OSOBOWA
Nazwa osobowa ARMSTRONG, James D.
Daty związane z nazwą (1948).
Określenie związku między hasłem a opisywanym materiałem editor
856 ## - LOKALIZACJA I DOSTĘP DO ELEKTRONICZNYCH DOKUMENTÓW ZDALNYCH
Link (URL) http://koha.tu.koszalin.pl/cgi-bin/koha/opac-detail.pl?biblionumber=47972
Tekst linku Katalog online BPK
942 ## - DODATKOWE ELEMENTY (KOHA)
Typ dokumentu Książka
Egzemplarze
Wycofany Status egzemplarza Uszkodzony Dostępność Lokalizacja stała Lokalizacja bieżąca Miejsce przechowywania Sygnatura Kod kreskowy Typ dokumentu
      Dostępny Biblioteka Politechniki Koszalińskiej Biblioteka Politechniki Koszalińskiej Wypożyczalnia Językowa KA 4768 09013353 Książka
© 2023 Biblioteka Politechniki Koszalińskiej :: KOHA